<?xml version="1.0" encoding="UTF-8"?>
<marc:record xmlns:marc="http://www.loc.gov/MARC21/slim">
   <marc:leader>00000nam a2200000 a 4500</marc:leader>
   <marc:datafield ind1=" " ind2=" " tag="653">
      <marc:subfield code="a">Kindergarten</marc:subfield>
   </marc:datafield>
   <marc:datafield ind1=" " ind2=" " tag="653">
      <marc:subfield code="a">Einkauf</marc:subfield>
   </marc:datafield>
   <marc:datafield ind1="0" ind2="0" tag="245">
      <marc:subfield code="a">Conni geht einkaufen</marc:subfield>
   </marc:datafield>
   <marc:datafield ind1="0" ind2="0" tag="245">
      <marc:subfield code="b">Conni und der Läusealarm</marc:subfield>
   </marc:datafield>
   <marc:datafield ind1=" " ind2="1" tag="264">
      <marc:subfield code="a">Berlin</marc:subfield>
      <marc:subfield code="b">Universal</marc:subfield>
      <marc:subfield code="c">2016</marc:subfield>
   </marc:datafield>
   <marc:datafield ind1="1" ind2=" " tag="490">
      <marc:subfield code="a">Conni</marc:subfield>
   </marc:datafield>
   <marc:datafield ind1="1" ind2=" " tag="520">
      <marc:subfield code="a">Conni geht einkaufen##Conni geht mit Mama und Jakob einkaufen. Da gibt es viel zu entdecken. Wie geht das mit dem Einkaufswagen? Wohin bringt man Leergut? Wie und wo wiegt man Obst und Gemüse? Was gibt es in einer Drogerie? In der Buchhandlung gibt es neue Bücher für Conni und Jakob. Und später geht Conni sogar alleine zum Bäcker. ##Conni und der Läusealarm##Na so was! In Connis Kindergarten gibt es »Läusealarm«. Bei zwei Kindern haben die Erzieherinnen in den Haaren kleine Krabbler und winzig kleine runde Kügelchen gefunden. Alle Kinder müssen nun zu Hause etwas gegen die Läuse tun: gründlich Haare kämmen und waschen, ein Spezialöl anwenden, Kleidung heiß waschen &#x96; und Kuscheltiere in die Kühltruhe!#</marc:subfield>
   </marc:datafield>
   <marc:datafield ind1=" " ind2=" " tag="041">
      <marc:subfield code="a">ger</marc:subfield>
   </marc:datafield>
</marc:record>
